History Quiz

Random History or Clickable Quiz

Did They Live in the 19th Century? Quiz Stats

 Plays Quiz Updated Nov 9, 2015

Challenge
Share
Tweet
Embed
Score 0/15 Timer 04:00
4 Plays Today
% Correct
Karl Marx
89.7%
Charles Dickens
89.1%
Marie Curie
88.1%
Sigmund Freud
86.6%
Florence Nightingale
84%
Otto von Bismarck
83.7%
Charles Chaplin
83.1%
Harriet Tubman
81%
% Correct
Pablo Picasso
76.1%
Levi Strauss
74.7%
Mohandas Gandhi
72.5%
Geronimo
70.1%
Frederic Chopin
67.4%
Amelia Earhart
65.8%
Abigail Adams
59.6%

You're not logged in!

Compare scores with friends on all Sporcle quizzes.
Join for Free
OR
Log In

You Might Also Like...

Show Comments

Extras

Top Quizzes Today


Score Distribution

Your Account Isn't Verified!

In order to create a playlist on Sporcle, you need to verify the email address you used during registration. Go to your Sporcle Settings to finish the process.

Report this User

Report this user for behavior that violates our Community Guidelines.

Details: